| 000 | 00925nas a2200301 4500 | ||
|---|---|---|---|
| 001 | BR2014000962 | ||
| 003 | BR-BrBNA | ||
| 005 | 20231205123718.0 | ||
| 007 | ta | ||
| 008 | 230509b bl.|||p| |||| 00| 00por d | ||
| 040 |
_aBR-BrBNA _bpor _cBiblioteca Nacional de Agricultura |
||
| 041 | _a(En) | ||
| 072 | _aF06; N20 | ||
| 100 | 1 | _aLulu, J. | |
| 100 | 1 | _aSentelhas, P.C. | |
| 100 | 1 | _aPedro Júnior, M.J. | |
| 100 | 1 | _aPezzopane, J.R.M. | |
| 100 | 1 | _aBlain, G.C. | |
| 245 | 1 | _aSpatial variability of leaf wetness duration in a 'Niagara Rosada' vineyard | |
| 650 | _aVITIS LABRUSCA | ||
| 650 | _aUVA | ||
| 650 | _aORVALHO | ||
| 650 | _aPRECIPITAÇÃO PLUVIAL | ||
| 773 | 0 |
_tEngenharia Agrícola (Brazil) _xISSN 0100-6916 _g(Jan-Mar 2008), v. 28(1) p. 104-114 _wBR2014000962 |
|
| 856 | 4 | 0 | _uhttp://www.scielo.br/pdf/eagri/v28n1/a11v28n1.pdf |
| 909 |
_a202311 _bLúcia _c55 _dLúcia Elande |
||
| 942 |
_2AGRIS _n0 _cANA |
||
| 999 |
_c235317 _d235317 |
||